Logo BPK

Biblioteka

Politechniki Koszalińskiej

Total Quality Management : (Rekord nr 39474)

Szczegóły MARC
000 -ETYKIETA REKORDU
podpole kontrolne o stałej długości 01780nam a2200529 i 4500
001 - NUMER KONTROLNY REKORDU
pole kontrolne 39474
003 - IDENTYFIKATOR NUMERU KONTROLNEGO REKORDU
podpole kontrolne KOSZ 005
005 - DATA OSTATNIEJ MODYFIKACJI REKORDU
podpole kontrolne 20220112142747.0
008 - POLE O STAŁEJ DŁUGOŚCI - DANE KONTROLNE
podpole kontrolne o stałej długości 010511s1998 pl a f |001 0 pol
015 ## - NUMER BIBLIOGRAFII NARODOWEJ
Numer bibliografii narodowej PB 2001/7975
020 ## - MIĘDZYNARODOWY ZNORMALIZOWANY NUMER KSIĄŻKI - ISBN
ISBN 8385428364
035 ## - NUMER SYSTEMOWY
Numer systemowy przejętego rekordu 991016124099705066
035 ## - NUMER SYSTEMOWY
Numer systemowy przejętego rekordu (PL-WaBN)b14328914-48omnis_nlop
035 ## - NUMER SYSTEMOWY
Numer systemowy przejętego rekordu b14328914
035 ## - NUMER SYSTEMOWY
Numer systemowy przejętego rekordu (OCoLC)749602601
035 ## - NUMER SYSTEMOWY
Numer systemowy przejętego rekordu (PL)b0000001432891
035 ## - NUMER SYSTEMOWY
Numer systemowy przejętego rekordu (EXLNZ-48OMNIS_NETWORK)9910123993705606
040 ## - ŹRÓDŁO KATALOGOWANIA
Instytucja, która sporządziła opis WA N
Instytucja, która utworzyła rekord WA N
Instytucja, która dokonała modyfikacji KOSZ 005/HR
041 1# - KOD JĘZYKA
Kod języka tekstu pol
Kod języka oryginału ger
046 ## - DATY KODOWANE
Pojedyncza data lub początek okresu powstania dzieła lub zbioru dzieł 1995
080 ## - UNIWERSALNA KLASYFIKACJA DZIESIĘTNA - UKD
UKD 005.6
080 ## - UNIWERSALNA KLASYFIKACJA DZIESIĘTNA - UKD
UKD 658.56
080 ## - UNIWERSALNA KLASYFIKACJA DZIESIĘTNA - UKD
UKD (07)
100 1# - NAZWA OSOBOWA
Nazwa osobowa Steinbeck, Hans H.
Określenie rodzaju współpracy Autor
245 10 - TYTUŁ/ODPOWIEDZIALNOŚĆ
Tytuł Total Quality Management :
Ciąg dalszy tytułu kompleksowe zarządzanie jakością /
Pozostałe elementy strefy tytułu i oznaczenia odpowiedzialności Hans H. Steinbeck ; [tł. Ewa Schauz].
246 1# - WARIANT TYTUŁU
Treść wyrażenia wprowadzającego Tyt. oryg.:
Tytuł Neue Total Quality Management
260 ## - STREFA ADRESU WYDAWNICZEGO
Miejsce wydania Warszawa :
Nazwa wydawcy/dystrybutora "Placet",
Data publikacji, dystrybucji/powstania dokumentu 1998.
300 ## - STREFA OPISU FIZYCZNEGO
Objętość 230 s. :
Inne cechy fizyczne il. ;
Rozmiary 24 cm.
336 ## - TYP ZAWARTOŚCI
Źródło (terminu i kodu) rdacontent
Termin opisujący typ zawartości Tekst
Kod określający zawartość txt
337 ## - TYP MEDIÓW
Źródło (terminu i kodu) rdamedia
Tryb odtwarzania Bez urządzenia pośredniczącego
Kod typu mediów n
338 ## - TYP/RODZAJ NOŚNIKA
Źródło (terminu i kodu) rdacarrier
Hasło opisujące typ nośnika Wolumin
Kod typu nośnika nc
380 ## - FORMA I TYP PUBLIKACJI
Forma i typ publikacji Książki
380 ## - FORMA I TYP PUBLIKACJI
Forma i typ publikacji Publikacje fachowe
388 ## - CZAS POWSTANIA
Czas powstania 1901-2000
388 ## - CZAS POWSTANIA
Czas powstania 1989-2000
490 1# - STREFA SERII I DOKUMENTU WIELOCZĘŚCIOWEGO - FORMA NIE DO WYSZUKIWANIA
Tytuł i oznaczenie odpowiedzialności serii Biblioteka Biznesmena
500 ## - UWAGI OGÓLNE
Tekst uwagi Tyt. oryg.: "Das neue Total Quality Management" 1995. - Na okł. podtyt.: doświadczenia praktyczne z IBM Niemcy.
504 ## - UWAGA DOTYCZĄCA BIBLIOGRAFII
Informacje o bibliografii Bibliogr., akty prawne. - Indeks.
650 #7 - HASŁO PRZEDMIOTOWE W FORMIE NAZWY OGÓLNEJ LUB JEDNOSTKOWEJ
Nazwa ogólna lub geograficzna Zarządzanie jakością
655 #7 - TERMIN INDEKSOWY - OKREŚLENIE RODZAJU/FORMY DOKUMENTU
Określenie rodzaju/formy dokumentu Podręcznik
Źródło terminu DBN
658 ## - TERMIN INDEKSOWY - PRZEDMIOT PROGRAMU NAUCZANIA
Główny przedmiot programu nauczania Zarządzanie i marketing
700 1# - HASŁO DODATKOWE - NAZWA OSOBOWA
Nazwa osobowa Schauz, Ewa
Określenie związku między hasłem a opisywanym materiałem Tłumaczenie
830 #0 - HASŁO DODATKOWE SERII LUB DOKUMENTU WIELOCZĘŚCIOWEGO - TYTUŁ UJEDNOLICONY
Tytuł ujednolicony Biblioteka Biznesmena
856 ## - LOKALIZACJA I DOSTĘP DO ELEKTRONICZNYCH DOKUMENTÓW ZDALNYCH
Link (URL) http://koha.tu.koszalin.pl/cgi-bin/koha/opac-detail.pl?biblionumber=39474
Tekst linku Katalog online BPK
942 ## - DODATKOWE ELEMENTY (KOHA)
Schemat klasyfikacji Uniwersalna Klasyfikacja Dziesiętna
Typ dokumentu Książka
Egzemplarze
Wycofany Status egzemplarza Uszkodzony Dostępność Lokalizacja stała Lokalizacja bieżąca Miejsce przechowywania Sygnatura Kod kreskowy Ostatnio wypożyczono Typ dokumentu Dział
      Dostępny Biblioteka Politechniki Koszalińskiej Biblioteka Politechniki Koszalińskiej Wypożyczalnia BG 58856 01555110 17.10.2013 Książka  
      Tylko na miejscu Biblioteka Politechniki Koszalińskiej Biblioteka Politechniki Koszalińskiej Czytelnia BG 58857 01555103   Książka 005.6 Zarządzanie jakością
      Tylko na miejscu Biblioteka Politechniki Koszalińskiej Biblioteka Politechniki Koszalińskiej Czytelnia Wydziałowa ul. Kwiatkowskiego 6e 58858 01555097   Książka 005.6 Zarządzanie jakością
      Dostępny Biblioteka Politechniki Koszalińskiej Biblioteka Politechniki Koszalińskiej Wypożyczalnia BG 58859 01555080 06.06.2013 Książka  
      Dostępny Biblioteka Politechniki Koszalińskiej Biblioteka Politechniki Koszalińskiej Wypożyczalnia BG 58860 01555073 08.10.2020 Książka  
      Dostępny Biblioteka Politechniki Koszalińskiej Biblioteka Politechniki Koszalińskiej Wypożyczalnia BG 58861 01555066 21.02.2019 Książka  
© 2023 Biblioteka Politechniki Koszalińskiej :: KOHA